00701 a2200205 4500010001400000020001000014035001300024037001800037082001200055090001500067100001800082245004900100260003100149270009400180300002500274650002000299942002700319999001500346952013400361 aENG-85438 c80.00 aEN-68971 bD.B.Act / Pub00a344.072 c3075d30751 aPatkar, N. G.1 aSchool tribunal at a glancecby N. G. Patkar aMumbaibPooja Samantc2005 a2, Krishna Niwas, Ist Lane, (D. V. Pradhan Road), 64, Hindu Colony, DadarbMumbaie400014 a114 p.c21 cm. (Pbk) aSchool Tribunal adplcENk344.072 / PAT c3014d3014 00102ddc40718NFICaDBADbDBADeDBAD/PUBg80.00l0o344.072 PATpEN-68971r2008-09-15 00:00:00t1u3208v80.00w2008-09-15yEN